000 00248nam a22000977a 4500
003 SGT
245 _aInternational Journal of Periodontic & Restorative Dentistry
260 _bQuintessence Publisher
_c2021
300 _a467,468-924
942 _2ddc
_cBV
999 _c30403
_d30403